000 00746nam a2200289Ia 4500
005 20260324112620.0
008 008 260324s9999 xx 000 0 eng d
020 _a9781032686028
037 _aEBOOK
040 _aCRL
040 _beng
040 _cCRL
041 _2eng
041 _aeng
084 _qCRL
100 _aAlexander M. Sidorkin
_91143437
245 0 _aEmbracing Chatbots in Higher Education
245 4 _bThe Use of Artificial Intelligence in Teaching, Administration, and Scholarship
260 _bTaylor and Francis
260 _c2024
365 _a
365 _b83.99
856 _uhttp://www.taylorfrancis.com/books/9781032686028
942 _cEBOOK
999 _c1732705
_d1732705